[Event "Ruhrgebiet VK3 0405"]
[Site "Ruhrgebiet"]
[Date "2005.01.30"]
[Round "6.6"]
[White "Butschek, Tanja"]
[Black "Sieberg, Klaus"]
[Result "1-0"]
[WhiteElo "1854"]
[BlackElo "1831"]
[PlyCount "61"]
[EventDate "2004.09.12"]
[EventType "team"]
[EventRounds "9"]
[EventCountry "GER"]
[SourceTitle "EXT 2006"]
[Source "ChessBase"]
[SourceDate "2005.11.24"]
[SourceVersion "1"]
[SourceVersionDate "2005.11.24"]
[SourceQuality "1"]
[WhiteTeam "Katernberg III"]
[BlackTeam "Witten"]
[WhiteTeamCountry "GER"]
[BlackTeamCountry "GER"]

1. e4 c5 2. Nf3 Nc6 3. Bb5 a6 4. Bxc6 bxc6 5. 0-0 g6 6. c3 Bg7 7. d4 Qb6 8. Re1 d6 9. h3 cxd4 10. cxd4 e6 11. Nc3 Ne7 12. Rb1 0-0 13. Be3 d5 14. e5 Nf5 15. Na4 Qb5 16. Bf4 a5 17. Nc5 a4 18. Qd2 Rb8 19. g4 Ne7 20. Bh6 Qb4 21. Qe3 Qc4 22. Qf4 f5 23. exf6 Rxf6 24. Qxb8 Bxh6 25. Rxe6 Rxf3 26. Rxe7 Rf8 27. Qe5 Qxa2 28. Rf1 g5 29. Ne6 Bxe6 30. Qxe6+ Kh8 31. Qxh6 1-0

[Event "Ruhrgebiet VK3 0405"]
[Site "Ruhrgebiet"]
[Date "2004.11.28"]
[Round "4.6"]
[White "Nachbar, Benjamin"]
[Black "Sieberg, Klaus"]
[Result "1-0"]
[WhiteElo "1991"]
[BlackElo "1831"]
[PlyCount "101"]
[EventDate "2004.09.12"]
[EventType "team"]
[EventRounds "9"]
[EventCountry "GER"]
[SourceTitle "EXT 2006"]
[Source "ChessBase"]
[SourceDate "2005.11.24"]
[SourceVersion "1"]
[SourceVersionDate "2005.11.24"]
[SourceQuality "1"]
[WhiteTeam "Dortmund Hansa III"]
[BlackTeam "Witten"]
[WhiteTeamCountry "GER"]
[BlackTeamCountry "GER"]

1. d4 Nf6 2. c4 e6 3. Nc3 Bb4 4. e3 b6 5. Nge2 Bb7 6. a3 Be7 7. d5 d6 8. g3 0-0 9. Bg2 c6 10. dxe6 fxe6 11. Nd4 Qc8 12. Bh3 Nbd7 13. Nxe6 Re8 14. Nf4 Qc7 15. 0-0 Ne5 16. Nd3 Nfd7 17. Nxe5 Nxe5 18. f4 Nf7 19. Re1 Bf6 20. Qc2 Ba6 21. Ne4 Be7 22. b3 Bc8 23. Bxc8 Qxc8 24. Bb2 Nh6 25. Qc3 Qg4 26. Nf2 Qg6 27. e4 Bf6 28. Qd2 Bh4 29. f5 Bg5 30. fxg6 Bxd2 31. gxh7+ Kxh7 32. Re2 Bg5 33. h4 Bf6 34. Bxf6 gxf6 35. Rd2 Rad8 36. Rad1 Nf7 37. Kg2 Kg6 38. g4 Re6 39. Kg3 Rde8 40. Kf4 Re5 41. b4 a6 42. Rc2 R8e6 43. Kf3 Nh6 44. Nd3 Rxe4 45. Nf4+ Rxf4+ 46. Kxf4 Nf7 47. Rcd2 Re8 48. Rxd6 Nxd6 49. Rxd6 Rc8 50. g5 Kh5 51. Rxf6 1-0

[Event "Ruhrgebiet VK3 0405"]
[Site "Ruhrgebiet"]
[Date "2004.09.12"]
[Round "1.6"]
[White "Canzler, Harald"]
[Black "Sieberg, Klaus"]
[Result "1-0"]
[WhiteElo "1964"]
[BlackElo "1831"]
[PlyCount "67"]
[EventDate "2004.09.12"]
[EventType "team"]
[EventRounds "9"]
[EventCountry "GER"]
[SourceTitle "EXT 2006"]
[Source "ChessBase"]
[SourceDate "2005.11.24"]
[SourceVersion "1"]
[SourceVersionDate "2005.11.24"]
[SourceQuality "1"]
[WhiteTeam "Dortmund 1875"]
[BlackTeam "Witten"]
[WhiteTeamCountry "GER"]
[BlackTeamCountry "GER"]

1. Nf3 Nf6 2. c4 c5 3. Nc3 d6 4. g3 Nc6 5. Bg2 g6 6. 0-0 Bg7 7. d4 cxd4 8. Nxd4 Bd7 9. Nc2 Qc8 10. Ne3 Bh3 11. Ncd5 Bxg2 12. Kxg2 0-0 13. Rb1 Qe6 14. f3 Rac8 15. b3 Ne5 16. Bb2 Nxd5 17. Nxd5 b6 18. Qd4 f6 19. e4 Nc6 20. Qd2 Qf7 21. f4 f5 22. Rbe1 Rce8 23. exf5 Qxf5 24. Bxg7 Kxg7 25. Nc7 Rc8 26. Ne6+ Kg8 27. Nxf8 Kxf8 28. Qe2 Rc7 29. Qe4 Qc5 30. f5 Kg7 31. fxg6 hxg6 32. Qf4 Ne5 33. Qf8+ Kh7 34. Rxe5 1-0